Aspekty právneho a účtovného systému poisťovní SR v rámci európskeho priestoru

Gespeichert in:
Bibliographische Detailangaben
1. Verfasser: Meluchová, Jitka, 1965-
Format: Buchkapitel
Sprache:Slowakisch
Tags: Tag hinzufügen
Keine Tags, Fügen Sie das erste Tag hinzu!

MARC

LEADER 00000nla$a2200000$$$4500
001 0062574
005 20240502071716.2
041 0 |a slo 
044 |a SK 
245 1 0 |a Aspekty právneho a účtovného systému poisťovní SR v rámci európskeho priestoru  |c Jitka Meluchová 
100 1 |a Meluchová, Jitka, 1965-